Statistics for History Generator Puzzle #2

Click here to take the quiz!

General Stats

  • This quiz has been taken 16,696 times
  • The average score is 12 of 21

Answer Stats

HintAnswer% Correct
World's biggest city, onceRome
88%
Bus protestor ParksRosa
86%
Viking languageNorse
83%
Period in historyEra
75%
Chinese chairmanMao
72%
Emblem of the Yorks and
Lancasters
Rose
72%
Peasant tied to the landSerf
72%
God of war in that cityMars
71%
Played a fiddle during a fireNero
70%
Telegraph inventorMorse
66%
Greek version of the aboveAres
63%
Ralph WaldoEmerson
57%
Marilyn Monroe's birth nameNorma
56%
Prominent feature of W. C. FieldsNose
50%
Like the above, but longerEon
48%
Sign from the heavensOmen
40%
Ostrich-like extinct bird of
New Zealand
Moa
37%
Thomas Paine "Age of ______"Reason
37%
Landed estateManor
24%
Destination of sled dog BaltoNome
24%
9 letter answerFreemason
10%

Score Distribution

Percentile by Number Answered

Percent of People with Each Score

Your Score History

You have not taken this quiz